000 00413nam a2200181Ia 4500
005 20240823050549.0
008 240823s9999||||xx |||||||||||||| ||und||
041 _aENGLISH
082 _A621.384 N0
100 _aSarkar D C
245 0 _aBasic Radio Electronics
250 _a1st
260 _c1990
_b"S Chand,New Delhi"
500 _aYES
650 _aRadio
_bElectronics
942 _cBK
999 _c217543
_d217543